The economics of modern business
Saved in:
| Main Author: | |
|---|---|
| Other Authors: | , |
| Format: | Book |
| Language: | English |
| Published: |
Oxford [England] : Cambridge, Mass., U.S.A. :
Blackwell Business,
1991
|
| Edition: | 2nd ed., rev. and updated |
| Subjects: | |
| Tags: |
Add Tag
No Tags, Be the first to tag this record!
|
MARC
| LEADER | 00000cam a2200000 i 4500 | ||
|---|---|---|---|
| 001 | 1/33206 | ||
| 008 | 950802s1991 eng d | ||
| 020 | |a 0631172157 ((alk. paper)) | ||
| 035 | |l 10023892 | ||
| 040 | |a GR-MY-UA |b gre |e aacr | ||
| 041 | 0 | |a eng | |
| 082 | 0 | |a 338.5024658 | |
| 100 | 1 | |a Reekie, W. Duncan. | |
| 245 | 1 | 4 | |a The economics of modern business / |c W.D. Reekie, D.E. Allen, J.N. Crook |
| 250 | |a 2nd ed., rev. and updated | ||
| 260 | |a Oxford [England] : |a Cambridge, Mass., U.S.A. : |b Blackwell Business, |c 1991 | ||
| 300 | |a vi, 405 p.; |b ill.; |c 23 cm | ||
| 504 | |a Includes bibliographical references and index | ||
| 650 | 0 | 0 | |a Economics. |
| 650 | 0 | 0 | |a Microeconomics. |
| 650 | 0 | 0 | |a Industries |z Great Britain. |
| 700 | 1 | |a Crook, Jonathan N. | |
| 700 | 1 | |a Allen, D. E. | |
| 852 | |a INST |b CHIOS |e 19950802 |h 338.5024658 REE |p 005200003075 |q 005200003075 |t BK |y 0 | ||
| 909 | |a Χ |b 031187 | ||